000 00980cam a2200229 4500
001 WB3638-21
008 000000n2000 000 0 eng u
035 _a(Sirsi) u108472
245 _aTall building ban to be lifted
260 _c2000
490 _aFinancial Times
_v26 September 2000, 2(1)
520 _aThe City of Westminster may give planning permission to tall buildings, providing future developments are well designed. Buildings which are multi-functional and provide public viewing galleries are likely to get considered. Proposals in the Unitary Development Plan also include the creation of 'special policy areas' to preserve creative industries.
590 _aWB
650 _aUNITARY DEVELOPMENT PLAN
650 _aCITY OF WESTMINSTER
650 _aTALL BUILDINGS
650 _aSKYSCRAPERS
650 _aHIGH-RISE BUILDINGS
650 _aSPECIAL POLICY AREAS
690 _aENVIRONMENTAL AND LAND CONSULTANCY-PLANNING AND DEVELOPMENT
942 _n0
999 _c64763
_d64763